000 00447nam a2200145Ia 4500
008 220217s9999 xx 000 0 und d
245 0 _aMethod for identification of antidegradants in rubber and rubber products by thin layer chromatography.
260 _c1985
500 _aStandard number: BS 6630 ISO 4645; 1984
650 _aAntidegradants
650 _aChromatography
650 _aRubber products
650 _aThin layer
942 _cST
999 _c73002
_d73002